Diseño estructural de un centro de rehabilitación, capacitación y albergue para personas discapacitadas físico-motoras
La investigación presenta un diseño estructural de un centro de rehabilitación, capacitación y albergue para personas discapacitadas físico-motoras. Para el sistema estructural principal fueron consideradas varias opciones y finalmente se seleccionó una propuesta a base de muros de mamposterí...
| Main Author: | |
|---|---|
| Other Authors: | |
| Format: | Tesis Section = Libro |
| Language: | Undetermined Spanish |
| Published: |
Managua
UNI
2010
|
| Subjects: |
| LEADER | 01226nam a2200241Ia 4500 | ||
|---|---|---|---|
| 008 | 240830s9999 xx 000 0 und d | ||
| 040 | |a BIBLIOTECA-RUPAP Mon 624.1771 S689 | ||
| 041 | |a spa | ||
| 082 | |a Mon 624.1771 S689 | ||
| 100 | 1 | |a Solórzano Canales, César Alfonso | |
| 245 | 1 | 0 | |a Diseño estructural de un centro de rehabilitación, capacitación y albergue para personas discapacitadas físico-motoras |
| 260 | |a Managua |b UNI |c 2010 | ||
| 300 | |a 211 p. :il. | ||
| 500 | |a Contiene: anexos. | ||
| 502 | |a Tesis (Ingeniero Civil)- UNI, 2010. | ||
| 520 | 3 | |a La investigación presenta un diseño estructural de un centro de rehabilitación, capacitación y albergue para personas discapacitadas físico-motoras. Para el sistema estructural principal fueron consideradas varias opciones y finalmente se seleccionó una propuesta a base de muros de mampostería reforzada, habiendo considerado sistemas compuestos por marcos de concreto estructural, así como marcos de acero estructural. | |
| 650 | 7 | |a DISEÑO DE ESTRUCTURAS | |
| 650 | 7 | |b DISEÑO ESTRUCTURAL-EDIFICIOS | |
| 650 | 7 | |c ANALISIS ESTRUCURAL | |
| 700 | 1 | |a Tutor: |b Ortiz Peinado, José Daniel | |
| 942 | |c BK |2 ddc | ||
| 991 | |a TESIS | ||
| 999 | |c 15885 | ||